LEADER 01214cam a2200217 a 4500
001 AALConferenceProceedingsIEEE007337
008 231005c9999 xx r poo 0 0eng d
020 |a 978-0-7695-4492-2 
020 |a 978-1-4577-1648-5 
040 |a BD-DhAAL  |c BD-DhAAL 
245 0 0 |h [electronic resource]  |a 2011 IEEE Fifth International Conference on Semantic Computing 
260 |b IEEE 
300 |a 1 online resource 
500 |a <strong>Off-Campus Access:</strong> Athens ID and Password Required 
500 |a <strong>On-Campus Access:</strong> No User ID or Password Required 
506 |a Electronic access restricted to authorized BRAC University faculty, staff and students 
538 |a Mode of access: Internet 
650 4 |a Signal Processing and Analysis; Communication, Networking and Broadcast Technologies; Components, Circuits, Devices and Systems; Computing and Processing 
655 7 |a Conference papers and proceedings.  |2 Library of Congress 
856 4 0 |z Full text available on IEEE [2017-2023]  |u https://ieeexplore.ieee.org/servlet/opac?punumber=6059526 
856 4 0 |z Off-campus access  |u https://go.openathens.net/redirector/bracu.ac.bd?url=https%3A%2F%2Fieeexplore.ieee.org%2Fservlet%2Fopac%3Fpunumber%3D6059526